[Event "Chigorin Memorial 09th"]
[Site "St Petersburg"]
[Date "2001.10.29"]
[Round "4"]
[White "Ignatiev, Alexander"]
[Black "Vager, Igor"]
[Result "1-0"]
[WhiteElo "2311"]
[BlackElo "2196"]
[PlyCount "71"]
[EventDate "2001.10.26"]
[EventType "swiss"]
[EventRounds "9"]
[EventCountry "RUS"]
[SourceTitle "EXT 2002"]
[Source "ChessBase"]
[SourceDate "2001.11.25"]
[SourceVersion "1"]
[SourceVersionDate "2001.11.25"]
[SourceQuality "1"]

1. d4 d5 2. c4 c6 3. Nf3 Nf6 4. Nc3 e6 5. g3 Be7 6. Bg2 0-0 7. 0-0 dxc4 8. Ne5 Nbd7 9. Nxc4 b5 10. Bxc6 Rb8 11. Bxb5 Nd5 12. Ba4 Bb7 13. Bb3 h5 14. Nxd5 Bxd5 15. Qd3 h4 16. f3 hxg3 17. hxg3 Bf6 18. Kg2 Nb6 19. Nd2 Re8 20. Bc2 g6 21. e4 Bc6 22. Nb3 Qd7 23. Rd1 Red8 24. e5 Bb5 25. Qe4 Bg7 26. Bg5 Rdc8 27. Nc5 Qe8 28. Qh4 Nd5 29. Rh1 Rxc5 30. dxc5 Bxe5 31. Bxg6 Bc6 32. Rab1 Rb4 33. Bh7+ Kf8 34. Bh6+ Bg7 35. Bxg7+ Kxg7 36. Qh6+ 1-0

[Event "Chigorin Memorial 09th"]
[Site "St Petersburg"]
[Date "2001.10.28"]
[Round "3"]
[White "Sambuev, Bator"]
[Black "Ignatiev, Alexander"]
[Result "1-0"]
[WhiteElo "2458"]
[BlackElo "2311"]
[PlyCount "99"]
[EventDate "2001.10.26"]
[EventType "swiss"]
[EventRounds "9"]
[EventCountry "RUS"]
[SourceTitle "EXT 2002"]
[Source "ChessBase"]
[SourceDate "2001.11.25"]
[SourceVersion "1"]
[SourceVersionDate "2001.11.25"]
[SourceQuality "1"]

1. e4 d6 2. d4 Nf6 3. Nc3 g6 4. h3 Bg7 5. g4 c5 6. dxc5 Qa5 7. Bg2 Qxc5 8. Nge2 0-0 9. Be3 Qc7 10. 0-0 Nc6 11. Nf4 Nd7 12. Qe2 a6 13. Ncd5 Qd8 14. c4 e6 15. Nc3 Qc7 16. Rac1 Nc5 17. Rfd1 Rd8 18. Bf1 Bd7 19. Ng2 Be8 20. f4 Qe7 21. Qc2 b5 22. cxb5 axb5 23. Qb1 b4 24. Nb5 Na4 25. Rd2 Rab8 26. Rcd1 d5 27. exd5 exd5 28. Nd4 Nc3 29. Nxc6 Bxc6 30. bxc3 bxc3 31. Qa1 Ba4 32. Rxd5 Bxd1 33. Qxd1 Rxd5 34. Qxd5 Qa3 35. Ne1 Re8 36. Bc4 Qe7 37. Nc2 Rd8 38. Qf3 Qc7 39. Bb3 Qd7 40. Kf2 Qd3 41. Qb7 Rd7 42. Qc6 Rd8 43. Qc4 Qd7 44. a4 h5 45. Kg3 hxg4 46. hxg4 Qb7 47. a5 Rd1 48. a6 Qh1 49. Qxf7+ Kh7 50. Qg8+ 1-0

[Event "Chigorin Memorial 09th"]
[Site "St Petersburg"]
[Date "2001.10.26"]
[Round "1"]
[White "Eljanov, Pavel"]
[Black "Ignatiev, Alexander"]
[Result "1-0"]
[WhiteElo "2522"]
[BlackElo "2311"]
[PlyCount "79"]
[EventDate "2001.10.26"]
[EventType "swiss"]
[EventRounds "9"]
[EventCountry "RUS"]
[SourceTitle "EXT 2002"]
[Source "ChessBase"]
[SourceDate "2001.11.25"]
[SourceVersion "1"]
[SourceVersionDate "2001.11.25"]
[SourceQuality "1"]

1. d4 d5 2. c4 c6 3. Nf3 Nf6 4. Nc3 dxc4 5. e4 b5 6. e5 Nd5 7. a4 h6 8. Nxd5 cxd5 9. axb5 e6 10. Bd2 Bd7 11. b3 Bxb5 12. bxc4 dxc4 13. Bxc4 Bxc4 14. Qa4+ Nd7 15. Qxc4 Be7 16. d5 exd5 17. Qg4 Bg5 18. Bxg5 hxg5 19. 0-0 Nc5 20. Nxg5 Qd7 21. Qb4 Ne6 22. Nxe6 fxe6 23. Ra6 Kf7 24. Rfa1 Rhe8 25. h4 Kg8 26. Qg4 Qf7 27. R1a3 Kh7 28. h5 Qf5 29. Qxf5+ exf5 30. f4 Re7 31. Kf2 Rc7 32. Ke3 Rc4 33. Rxa7 Rb8 34. Rf7 Rb2 35. g3 Re4+ 36. Kf3 Re1 37. Rxf5 Rg1 38. Rf7 Rbg2 39. Kg4 d4 40. Rd3 1-0

[Event "Chigorin Memorial 09th"]
[Site "St Petersburg"]
[Date "2001.10.01"]
[Round "7"]
[White "Orlov, Andrey"]
[Black "Ignatiev, Alexander"]
[Result "1-0"]
[WhiteElo "2378"]
[BlackElo "2311"]
[PlyCount "101"]
[EventDate "2001.10.26"]
[EventType "swiss"]
[EventRounds "9"]
[EventCountry "RUS"]
[SourceTitle "EXT 2002"]
[Source "ChessBase"]
[SourceDate "2001.11.25"]
[SourceVersion "1"]
[SourceVersionDate "2001.11.25"]
[SourceQuality "1"]

1. e4 d6 2. d4 Nf6 3. Bd3 g6 4. Ne2 Bg7 5. 0-0 0-0 6. c4 Nbd7 7. Nbc3 e5 8. d5 a5 9. f3 Ne8 10. Be3 f5 11. exf5 gxf5 12. f4 e4 13. Bc2 Nef6 14. h3 Kh8 15. Qd2 Rg8 16. Bd4 Nh5 17. g3 b6 18. Kh2 Ndf6 19. Nd1 Qe8 20. Ne3 Qg6 21. Rg1 Bd7 22. Rg2 Qh6 23. Rh1 Raf8 24. Kg1 Ne8 25. Kf1 Bxd4 26. Qxd4+ Qf6 27. Rhg1 Qxd4 28. Nxd4 Rf6 29. Kf2 Nhg7 30. Bd1 Rgf8 31. Nf1 Rh6 32. Rh2 Rhf6 33. Ke3 Rg6 34. g4 Nh5 35. g5 Nhf6 36. Ng3 Ng8 37. Bh5 Rg7 38. Bxe8 Bxe8 39. Ne6 Rgf7 40. Ne2 Ne7 41. Nxf8 Rxf8 42. Nd4 Bd7 43. b3 Ra8 44. a4 Kg7 45. h4 Re8 46. h5 Ra8 47. Rb2 Kg8 48. Ra1 Be8 49. b4 Bxh5 50. bxa5 Rxa5 51. Rb5 1-0

[Event "RUS-ch U18"]
[Site "Rybinsk"]
[Date "2001.??.??"]
[Round "5"]
[White "Ignatiev, Alexander"]
[Black "Janturin, Artur"]
[Result "1/2-1/2"]
[WhiteElo "2301"]
[BlackElo "2356"]
[PlyCount "40"]
[EventDate "2001.02.??"]
[EventType "swiss"]
[EventRounds "10"]
[EventCountry "RUS"]
[SourceTitle "EXT 2002"]
[Source "ChessBase"]
[SourceDate "2001.11.25"]
[SourceVersion "1"]
[SourceVersionDate "2001.11.25"]
[SourceQuality "1"]

1. d4 e6 2. c4 b6 3. e4 Bb7 4. Nc3 Bb4 5. Bd3 f5 6. Qe2 Nf6 7. Bg5 fxe4 8. Bxe4 Bxe4 9. Bxf6 Qxf6 10. Qxe4 Nc6 11. Nf3 Bxc3+ 12. bxc3 0-0 13. 0-0 Qf5 14. Rae1 Rae8 15. Nd2 Na5 16. f3 Qxe4 17. fxe4 e5 18. Rf3 Rxf3 19. gxf3 d6 20. Kf2 Re6 1/2-1/2

[Event "RUS-ch U18"]
[Site "Rybinsk"]
[Date "2001.??.??"]
[Round "2"]
[White "Ignatiev, Alexander"]
[Black "Timofeev, Artyom"]
[Result "1/2-1/2"]
[WhiteElo "2301"]
[BlackElo "2496"]
[PlyCount "137"]
[EventDate "2001.02.??"]
[EventType "swiss"]
[EventRounds "10"]
[EventCountry "RUS"]
[SourceTitle "EXT 2002"]
[Source "ChessBase"]
[SourceDate "2001.11.25"]
[SourceVersion "1"]
[SourceVersionDate "2001.11.25"]
[SourceQuality "1"]

1. d4 Nf6 2. Nf3 b5 3. e4 Nxe4 4. Bxb5 e6 5. 0-0 Be7 6. Qe2 Bb7 7. Bd3 Nf6 8. Bg5 0-0 9. c4 Na6 10. Nbd2 c5 11. Rad1 Rc8 12. b3 Re8 13. Bb1 Qa5 14. Ne5 h6 15. Bxf6 Bxf6 16. Ne4 Bxe4 17. Qxe4 Qc7 18. Nf3 g6 19. d5 Nb4 20. d6 Qa5 21. Ne5 Bxe5 22. Qxe5 Nc6 23. Qe3 Kg7 24. f4 f5 25. g4 Kh7 26. Rd2 Nd4 27. Rg2 Qd8 28. Qe5 Rf8 29. g5 hxg5 30. fxg5 Rf7 31. b4 Qh8 32. Qe1 cxb4 33. Rg4 Kg8 34. Rh4 Rh7 35. Rxh7 Qxh7 36. Qxb4 Nc6 37. Qc3 Qg7 38. Qxg7+ Kxg7 39. Bd3 Ne5 40. Be2 Nxc4 41. Bxc4 Rxc4 42. Rb1 Rc6 43. Rb7 Rxd6 44. Rxa7 Kf7 45. a4 e5 46. a5 Ke6 47. a6 Kd5 48. Ra8 Ke4 49. a7 Kf3 50. h4 Ra6 51. Kh2 e4 52. h5 gxh5 53. g6 Rxg6 54. Rf8 Ra6 55. a8Q Rxa8 56. Rxa8 e3 57. Kg1 h4 58. Kf1 d5 59. Rh8 f4 60. Rxh4 d4 61. Rh3+ Ke4 62. Rh4 d3 63. Ke1 Kf3 64. Rh8 d2+ 65. Kd1 Kg3 66. Rg8+ Kf2 67. Re8 Kf3 68. Rg8 Kf2 69. Re8 1/2-1/2

[Event "Chigorin Memorial 07th"]
[Site "St Petersburg"]
[Date "1999.11.08"]
[Round "7"]
[White "Zakharevich, Igor"]
[Black "Ignatiev, Alexander"]
[Result "1-0"]
[WhiteElo "2523"]
[BlackElo "2330"]
[PlyCount "95"]
[EventDate "1999.11.02"]
[EventType "swiss"]
[EventRounds "9"]
[EventCountry "RUS"]
[SourceTitle "CBM 074"]
[Source "ChessBase"]
[SourceDate "2000.02.01"]
[SourceVersion "1"]
[SourceVersionDate "2000.02.01"]
[SourceQuality "1"]

1. d4 d5 2. Nf3 c6 3. c4 Nf6 4. Nc3 dxc4 5. a4 Bg4 6. Ne5 Bh5 7. h3 Na6 8. g4 Bg6 9. Bg2 Nb4 10. 0-0 Bc2 11. Qd2 e6 12. a5 Bb3 13. a6 Qc7 14. axb7 Qxb7 15. Ne4 Nxe4 16. Bxe4 Nd5 17. Qg5 Rc8 18. Bd2 h6 19. Qh4 Be7 20. Qg3 Bf6 21. Rac1 Qb8 22. f4 Qb6 23. e3 Rc7 24. Qf3 Qb7 25. Rf2 g5 26. f5 Bxe5 27. dxe5 Re7 28. Bc3 Kd7 29. Bd4 Kc8 30. Ra1 a6 31. Ra5 Rd8 32. Rf1 Red7 33. Rfa1 Nb4 34. Rxa6 Qxa6 35. Rxa6 Nxa6 36. Bxc6 Rc7 37. Bb6 Rd1+ 38. Kh2 Rd2+ 39. Kg3 Rxb2 40. Bxc7 Kxc7 41. Be8 Nb8 42. fxe6 fxe6 43. Qf7+ Kd8 44. Qf8 Nd7 45. Bxd7+ Kxd7 46. Qd6+ Kc8 47. Qxe6+ Kb7 48. Qd5+ 1-0

[Event "Artek ol U16"]
[Site "Artek"]
[Date "1999.09.16"]
[Round "6"]
[White "Ignatiev, Alexander"]
[Black "Maximov, Dmitry"]
[Result "1-0"]
[WhiteElo "2330"]
[BlackElo "2244"]
[PlyCount "83"]
[EventDate "1999.09.09"]
[EventType "team"]
[EventRounds "9"]
[EventCountry "UKR"]
[SourceTitle "EXT 2000"]
[Source "ChessBase"]
[SourceDate "1999.11.16"]
[SourceVersion "1"]
[SourceVersionDate "1999.11.16"]
[SourceQuality "1"]

1. d4 Nf6 2. c4 g6 3. Nc3 Bg7 4. e4 d6 5. h3 0-0 6. Bg5 c6 7. Bd3 e5 8. d5 h6 9. Be3 a6 10. Nge2 c5 11. Qd2 Kh7 12. 0-0 Nbd7 13. a3 Nh5 14. g4 Nhf6 15. Ng3 Rb8 16. b4 Ne8 17. Rab1 b6 18. Na4 b5 19. cxb5 axb5 20. Nxc5 dxc5 21. bxc5 Ra8 22. Bxb5 Rxa3 23. c6 Ndf6 24. Ra1 Rxa1 25. Rxa1 Nd6 26. Bd3 Nfe8 27. Ra8 Qh4 28. Kg2 f5 29. exf5 gxf5 30. Rxc8 e4 31. Rxe8 Rxe8 32. Be2 fxg4 33. Bxg4 Be5 34. Qc2 Bxg3 35. fxg3 Qd8 36. c7 Qa8 37. Bf4 Nc8 38. d6 Kg7 39. Qb2+ Kg6 40. d7 e3+ 41. Bf3 Qa4 42. d8Q 1-0

[Event "Artek ol U16"]
[Site "Artek"]
[Date "1999.09.14"]
[Round "4"]
[White "Ignatiev, Alexander"]
[Black "Galstian, Beniamin"]
[Result "1/2-1/2"]
[WhiteElo "2330"]
[BlackElo "2180"]
[PlyCount "35"]
[EventDate "1999.09.09"]
[EventType "team"]
[EventRounds "9"]
[EventCountry "UKR"]
[SourceTitle "EXT 2000"]
[Source "ChessBase"]
[SourceDate "1999.11.16"]
[SourceVersion "1"]
[SourceVersionDate "1999.11.16"]
[SourceQuality "1"]

1. d4 Nf6 2. c4 c5 3. d5 b5 4. cxb5 a6 5. b6 e6 6. Nc3 Nxd5 7. Nxd5 exd5 8. Qxd5 Nc6 9. Nf3 Be7 10. Ne5 0-0 11. Nxc6 dxc6 12. Qxd8 Bxd8 13. g3 Rb8 14. Bd2 Bf6 15. Ba5 Bxb2 16. Rb1 Ba3 17. Rb3 Bb4+ 18. Bxb4 1/2-1/2

[Event "St Petersburg-ch"]
[Site "St Petersburg"]
[Date "1999.04.09"]
[Round "4"]
[White "Ignatiev, Alexander"]
[Black "Ivanov, Vladimir Ivanovich"]
[Result "1/2-1/2"]
[WhiteElo "2291"]
[BlackElo "2423"]
[PlyCount "97"]
[EventDate "1999.04.??"]
[EventType "swiss"]
[EventRounds "9"]
[EventCountry "RUS"]
[SourceTitle "CBM 070 Extra"]
[Source "ChessBase"]
[SourceDate "1999.07.10"]
[SourceVersion "1"]
[SourceVersionDate "1999.07.10"]
[SourceQuality "1"]

1. d4 Nf6 2. c4 d6 3. Nc3 e5 4. Nf3 e4 5. Nd2 Bf5 6. e3 c6 7. f3 exf3 8. Nxf3 Nbd7 9. Bd3 Bg4 10. 0-0 Be7 11. Qe1 Qa5 12. Bd2 Qb6 13. b4 d5 14. b5 dxc4 15. Bxc4 0-0 16. Ne5 Nxe5 17. dxe5 Nd7 18. bxc6 Qxc6 19. Bd5 Qc7 20. Qg3 Be6 21. e4 Nxe5 22. Kh1 Qb8 23. Bf4 Bf6 24. Bxe6 fxe6 25. Nb5 Rd8 26. Rac1 a6 27. Nc7 Ng6 28. e5 Bh4 29. Qg4 Ra7 30. Qxe6+ Kh8 31. Be3 b6 32. Bxb6 Rb7 33. Ba5 Rb2 34. Nxa6 Qa8 35. Qc6 Re8 36. Nc7 Qxc6 37. Rxc6 Rc8 38. Re6 Rxa2 39. Bb6 Re2 40. g3 Be7 41. Nd5 Bf8 42. Nf4 Nxf4 43. gxf4 g6 44. Bg1 Kg8 45. f5 gxf5 46. Rxf5 Bg7 47. Re7 h6 48. e6 Bf8 49. Ref7 1/2-1/2

[Event "RUS-ch U16"]
[Site "Serpukhov"]
[Date "1999.??.??"]
[Round "4"]
[White "Ignatiev, Alexander"]
[Black "Torbin, Kirill"]
[Result "1/2-1/2"]
[WhiteElo "2291"]
[BlackElo "2220"]
[PlyCount "111"]
[EventDate "1999.??.??"]
[EventType "swiss"]
[EventRounds "8"]
[EventCountry "RUS"]
[SourceTitle "EXT 2000"]
[Source "ChessBase"]
[SourceDate "1999.11.16"]
[SourceVersion "1"]
[SourceVersionDate "1999.11.16"]
[SourceQuality "1"]

1. Nf3 d5 2. g3 c6 3. Bg2 Bg4 4. 0-0 Nd7 5. d3 e6 6. Nbd2 Bd6 7. e4 Ne7 8. h3 Bh5 9. Re1 0-0 10. g4 Bg6 11. e5 Bc7 12. Nf1 c5 13. Bg5 Qe8 14. c3 Nc6 15. d4 cxd4 16. cxd4 f6 17. exf6 Nxf6 18. Nh4 Be4 19. f3 Bg6 20. Be3 Nb4 21. Nxg6 Qxg6 22. Re2 Nd3 23. Qd2 Nd7 24. Rd1 Nf4 25. Bxf4 Bxf4 26. Qb4 Rfb8 27. Qe1 Nf8 28. Ng3 Qf7 29. Nh1 Rc8 30. Nf2 Qf6 31. Nd3 Qxd4+ 32. Qf2 Qf6 33. Nxf4 Qxf4 34. Rd4 Rc1+ 35. Bf1 Qf6 36. f4 Rac8 37. f5 exf5 38. gxf5 R8c4 39. Rxd5 Qg5+ 40. Kh2 Rf4 41. Qg2 Qh4 42. Rd7 Rg4 43. Qxg4 Qxg4 44. hxg4 Nxd7 45. Bg2 Rc7 46. Re8+ Kf7 47. Ra8 b6 48. g5 Ne5 49. Kg3 h6 50. Bd5+ Ke7 51. f6+ Kd6 52. Rd8+ Kc5 53. gxh6 gxh6 54. Kf4 Rd7 55. Re8 Nd3+ 56. Ke3 1/2-1/2

[Event "Chigorin Memorial 06th"]
[Site "St Petersburg"]
[Date "1998.11.07"]
[Round "7"]
[White "Chupin, Vitalij"]
[Black "Ignatiev, Alexander"]
[Result "0-1"]
[WhiteElo "2145"]
[BlackElo "2285"]
[PlyCount "79"]
[EventDate "1998.10.31"]
[EventType "swiss"]
[EventRounds "9"]
[EventCountry "RUS"]
[SourceTitle "CBM 067 Extra"]
[Source "ChessBase"]
[SourceDate "1999.01.01"]
[SourceVersion "1"]
[SourceVersionDate "1999.01.01"]
[SourceQuality "1"]

1. e4 c5 2. Nf3 Nc6 3. d4 cxd4 4. Nxd4 Qb6 5. Nb3 Nf6 6. Nc3 e6 7. a3 Be7 8. Be2 0-0 9. 0-0 a6 10. Be3 Qc7 11. f4 d6 12. Kh1 b5 13. Bf3 Bb7 14. Qe2 Rac8 15. Rad1 Qb8 16. Rd2 b4 17. axb4 Nxb4 18. Na5 Ba8 19. Nc4 d5 20. exd5 Nfxd5 21. Bxd5 Bxd5 22. Nb6 Rc6 23. Nbxd5 Nxd5 24. Nxd5 exd5 25. c3 Re8 26. Qd3 Bf8 27. Bd4 Rce6 28. Qg3 Qb5 29. Rfd1 Re2 30. Kg1 Qa4 31. Qd3 Re1+ 32. Kf2 R1e4 33. g3 Bd6 34. b4 Qd7 35. Qf3 Qh3 36. Rh1 h5 37. Rg1 Bxf4 38. Ra2 Qxh2+ 39. Rg2 Bxg3+ 40. Qxg3 0-1

[Event "Chigorin Memorial 06th"]
[Site "St Petersburg"]
[Date "1998.11.06"]
[Round "6"]
[White "Ignatiev, Alexander"]
[Black "Feoktistov, Alexey A"]
[Result "0-1"]
[WhiteElo "2285"]
[BlackElo "2405"]
[PlyCount "66"]
[EventDate "1998.10.31"]
[EventType "swiss"]
[EventRounds "9"]
[EventCountry "RUS"]
[SourceTitle "CBM 067 Extra"]
[Source "ChessBase"]
[SourceDate "1999.01.01"]
[SourceVersion "1"]
[SourceVersionDate "1999.01.01"]
[SourceQuality "1"]

1. d4 d5 2. c4 dxc4 3. Nf3 Nf6 4. e3 a6 5. a4 e6 6. Bxc4 c5 7. 0-0 cxd4 8. exd4 Be7 9. Nc3 Nbd7 10. Qe2 Nb6 11. Bd3 0-0 12. Bg5 h6 13. Be3 Bd7 14. Ne5 Nbd5 15. f4 Nxe3 16. Qxe3 Bc6 17. Rad1 Qb6 18. f5 Bd5 19. fxe6 Bxe6 20. Bb1 Rfd8 21. Ne4 Ng4 22. Nxg4 Bxg4 23. Rd2 Rac8 24. Kh1 Bh5 25. Ba2 Bg6 26. Qf4 Kh8 27. Rfd1 f5 28. Qe5 Re8 29. Qe6 Qxe6 30. Bxe6 fxe4 31. Bxc8 Rxc8 32. g4 e3 33. Re2 Be4+ 0-1

[Event "Chigorin Memorial 06th"]
[Site "St Petersburg"]
[Date "1998.11.02"]
[Round "3"]
[White "Yevseev, Denis"]
[Black "Ignatiev, Alexander"]
[Result "1-0"]
[WhiteElo "2470"]
[BlackElo "2285"]
[PlyCount "55"]
[EventDate "1998.10.31"]
[EventType "swiss"]
[EventRounds "9"]
[EventCountry "RUS"]
[SourceTitle "CBM 067 Extra"]
[Source "ChessBase"]
[SourceDate "1999.01.01"]
[SourceVersion "1"]
[SourceVersionDate "1999.01.01"]
[SourceQuality "1"]

1. d4 d5 2. c4 c6 3. Nf3 Nf6 4. Nc3 e6 5. e3 Nbd7 6. Bd3 dxc4 7. Bxc4 b5 8. Bd3 a6 9. e4 c5 10. d5 c4 11. Bc2 Qc7 12. 0-0 Bd6 13. dxe6 fxe6 14. Nd4 Nb6 15. Kh1 Bd7 16. f4 e5 17. Nf3 Bg4 18. a4 b4 19. a5 bxc3 20. axb6 Qxb6 21. Ba4+ Kf7 22. fxe5 cxb2 23. exf6 bxa1Q 24. Qd5+ Kf8 25. fxg7+ Qxg7 26. Nd4+ Bf4 27. Ba3+ Qe7 28. Rxf4+ 1-0

[Event "Chigorin Memorial 06th"]
[Site "St Petersburg"]
[Date "1998.11.01"]
[Round "2"]
[White "Ignatiev, Alexander"]
[Black "Aseev, Konstantin N"]
[Result "1-0"]
[WhiteElo "2285"]
[BlackElo "2525"]
[PlyCount "67"]
[EventDate "1998.10.31"]
[EventType "swiss"]
[EventRounds "9"]
[EventCountry "RUS"]
[SourceTitle "CBM 067 Extra"]
[Source "ChessBase"]
[SourceDate "1999.01.01"]
[SourceVersion "1"]
[SourceVersionDate "1999.01.01"]
[SourceQuality "1"]

1. d4 Nf6 2. c4 e6 3. Nf3 b6 4. g3 Ba6 5. b3 Bb4+ 6. Bd2 Be7 7. Bg2 d5 8. cxd5 exd5 9. 0-0 0-0 10. Nc3 Bb7 11. Rc1 Na6 12. Bf4 Qd7 13. Qc2 Rfd8 14. Qb1 c5 15. Rfd1 h6 16. Be5 Qe6 17. Nb5 Ne4 18. Nd2 Bc6 19. Nxe4 dxe4 20. Nc3 f5 21. g4 g6 22. e3 cxd4 23. Bxd4 Nb4 24. Ne2 Rac8 25. Nf4 Qf7 26. gxf5 gxf5 27. Kh1 Bg5 28. a3 Nd5 29. Nxd5 Bxd5 30. b4 Bc4 31. Ba1 Kh7 32. Qb2 Rxd1+ 33. Rxd1 Bd3 34. Bh3 1-0

[Event "St Petersburg White Nights op"]
[Site "St Petersburg"]
[Date "1998.06.27"]
[Round "8"]
[White "Ignatiev, Alexander"]
[Black "Potkin, Vladimir"]
[Result "0-1"]
[WhiteElo "2315"]
[BlackElo "2295"]
[PlyCount "68"]
[EventDate "1998.06.??"]
[EventType "swiss"]
[EventRounds "9"]
[EventCountry "RUS"]
[SourceTitle "EXT 1999"]
[Source "ChessBase"]
[SourceDate "1998.11.16"]
[SourceVersion "1"]
[SourceVersionDate "1998.11.16"]
[SourceQuality "1"]

1. d4 e6 2. c4 d5 3. Nf3 c5 4. g3 Nc6 5. cxd5 exd5 6. Bg2 Nf6 7. 0-0 Be7 8. dxc5 Bxc5 9. a3 0-0 10. b4 Bb6 11. Bb2 Bg4 12. Nbd2 Re8 13. Nb3 Ne4 14. Qd3 Rc8 15. Rad1 Nxf2 16. Rxf2 Re3 17. Nbd4 Rxd3 18. Rxd3 Bxf3 19. Bxf3 Ne5 20. Rd1 Nxf3+ 21. exf3 Rc4 22. Kg2 Qc8 23. Rfd2 a5 24. bxa5 Bxa5 25. Re2 h6 26. Rd3 Bc3 27. Rde3 Qc5 28. Bxc3 Rxc3 29. Re8+ Kh7 30. Rd2 Rxa3 31. Ne2 Qa5 32. Rd4 Ra2 33. Kf2 Qc5 34. Kf1 Rxe2 0-1

[Event "St Petersburg White Nights op"]
[Site "St Petersburg"]
[Date "1998.06.23"]
[Round "4"]
[White "Ignatiev, Alexander"]
[Black "Shushpanov, Vladimir Fedorovich"]
[Result "1/2-1/2"]
[WhiteElo "2315"]
[BlackElo "2340"]
[PlyCount "165"]
[EventDate "1998.06.??"]
[EventType "swiss"]
[EventRounds "9"]
[EventCountry "RUS"]
[SourceTitle "EXT 1999"]
[Source "ChessBase"]
[SourceDate "1998.11.16"]
[SourceVersion "1"]
[SourceVersionDate "1998.11.16"]
[SourceQuality "1"]

1. d4 d5 2. c4 dxc4 3. Nf3 a6 4. a4 Nf6 5. g3 c5 6. Bg2 cxd4 7. Qxd4 Qxd4 8. Nxd4 e5 9. Nf3 Nc6 10. Nbd2 Bb4 11. 0-0 Bg4 12. h3 Bxf3 13. Bxf3 Na5 14. Ne4 Nxe4 15. Bxe4 0-0-0 16. Bg5 f6 17. Be3 Nb3 18. Rad1 Bc5 19. Bxc5 Nxc5 20. Rc1 b5 21. axb5 axb5 22. Bc6 Nb3 23. Bxb5 Nxc1 24. Rxc1 Kc7 25. Bxc4 Kd6 26. f3 f5 27. Bd3 g6 28. g4 e4 29. fxe4 fxg4 30. hxg4 Ke5 31. Kg2 Kf4 32. Kh3 h5 33. Rf1+ Kg5 34. gxh5 Rxh5+ 35. Kg3 Rdh8 36. Rg1 Rh1 37. Rg2 Rf1 38. e3 Rff8 39. e5 Rh4 40. Be2 Re4 41. Kh2+ Kh6 42. Bd3 Rxe3 43. Rxg6+ Kh5 44. Rg3 Rf2+ 45. Kh3 Rxe5 46. b4 Re1 47. Bg6+ Kh6 48. Bd3 Rh1+ 49. Kg4 Rh5 50. b5 Rf6 51. Bc4 Rd6 52. Kf3 Rd4 53. Be2 Rb4 54. Bd3 Rd5 55. Ke2 Rb2+ 56. Ke1 Rd4 57. Kf1 Kh5 58. Be2+ Kh4 59. Re3 Kg5 60. Rd3 Rh4 61. Re3 Rh2 62. Ke1 Kf4 63. Re8 Rb1+ 64. Kd2 Rxb5 65. Rf8+ Ke5 66. Re8+ Kf6 67. Kc3 Ra5 68. Bc4 Ra1 69. Re6+ Kf5 70. Re2 Rc1+ 71. Kb2 Rhh1 72. Bd3+ Kf4 73. Re4+ Kg5 74. Re5+ Kf6 75. Re2 Rc8 76. Be4 Rh5 77. Bd3 Rd5 78. Bc2 Rb5+ 79. Kc1 Kg5 80. Rf2 Kg4 81. Kd1 Kg3 82. Rf5 Rb2 83. Be4 1/2-1/2

[Event "RUS-ch U18"]
[Site "Kolontaevo"]
[Date "1998.??.??"]
[Round "?"]
[White "Akbaev, Kazbek"]
[Black "Ignatiev, Alexander"]
[Result "0-1"]
[WhiteElo "2160"]
[BlackElo "2315"]
[PlyCount "98"]
[EventDate "1998.??.??"]
[EventType "swiss"]
[EventRounds "9"]
[EventCountry "RUS"]
[SourceTitle "EXT 2000"]
[Source "ChessBase"]
[SourceDate "1999.11.16"]
[SourceVersion "1"]
[SourceVersionDate "1999.11.16"]
[SourceQuality "1"]

1. Nf3 d5 2. c4 c6 3. b3 Bf5 4. d3 h6 5. Bb2 e6 6. Nbd2 Nf6 7. g3 Be7 8. Bg2 0-0 9. 0-0 Nbd7 10. Re1 Bh7 11. a3 a5 12. h3 Qb6 13. d4 c5 14. Ne5 Rfd8 15. e3 Nxe5 16. dxe5 Ne8 17. cxd5 exd5 18. Qf3 a4 19. e4 dxe4 20. Qc3 Rd3 21. Nc4 Qxb3 22. Qxb3 axb3 23. a4 f5 24. a5 Kf8 25. Bf1 Rdd8 26. Nb6 Ra7 27. g4 g6 28. Bc3 Bg8 29. gxf5 gxf5 30. Red1 Be6 31. Be2 Nc7 32. Rxd8+ Bxd8 33. Rd1 Bg5 34. h4 Bxh4 35. Nd7+ Ke7 36. Nxc5 Nd5 37. Be1 e3 38. a6 bxa6 39. Ba5 exf2+ 40. Kh2 f4 41. Bf3 Bg3+ 42. Kh1 Ne3 43. Bd8+ Ke8 44. Bc6+ Kf7 45. Rb1 f1Q+ 46. Rxf1 Nxf1 47. Ne4 b2 48. Nc3 Nd2 49. Bb6 Re7 0-1

[Event "RUS-ch U18"]
[Site "Kolontaevo"]
[Date "1998.??.??"]
[Round "?"]
[White "Erenburg, Sergey"]
[Black "Ignatiev, Alexander"]
[Result "1-0"]
[WhiteElo "2285"]
[BlackElo "2315"]
[PlyCount "140"]
[EventDate "1998.??.??"]
[EventType "swiss"]
[EventRounds "9"]
[EventCountry "RUS"]
[SourceTitle "EXT 2000"]
[Source "ChessBase"]
[SourceDate "1999.11.16"]
[SourceVersion "1"]
[SourceVersionDate "1999.11.16"]
[SourceQuality "1"]

1. e4 d6 2. d4 Nf6 3. Bd3 g6 4. c3 Bg7 5. Nf3 0-0 6. 0-0 Nfd7 7. Re1 e5 8. Be3 Nc6 9. Nbd2 Kh8 10. Nf1 h6 11. Bb5 Kh7 12. Ng3 Ne7 13. Qc2 c6 14. Bd3 Qc7 15. Rad1 Nb6 16. h3 Be6 17. Nf5 f6 18. Nxg7 Kxg7 19. b3 g5 20. Be2 Ng6 21. Nh2 Rad8 22. Bg4 Bxg4 23. hxg4 Nc8 24. Nf1 b6 25. Ng3 Nce7 26. f3 Nf4 27. Kf2 c5 28. d5 Rh8 29. Rh1 Qb7 30. Rh2 b5 31. c4 bxc4 32. Qxc4 Nfg6 33. Rhh1 Qb6 34. Rh2 Qa5 35. Qc2 Rc8 36. Rd3 Nf8 37. Nf1 Nd7 38. Nd2 Nb6 39. g3 Qa6 40. Rc3 Kg6 41. Nc4 Nxc4 42. Rxc4 Rb8 43. Ra4 Qb5 44. f4 Rb7 45. Qd1 Rc8 46. Qh1 Ng8 47. Qf1 Qd7 48. Kf3 Kg7 49. Rc2 Ne7 50. f5 Rcb8 51. Rac4 Rb5 52. Qc1 Qb7 53. Rh2 Ng8 54. Qc2 Qa6 55. Bc1 R8b7 56. Rh1 Qb6 57. Ra4 Ne7 58. Be3 Qd8 59. Ra6 Qb8 60. Qh2 Ng8 61. Qh5 Kf8 62. Rc6 R7b6 63. Qg6 Rb7 64. Rxh6 Rg7 65. Qh5 Nxh6 66. Qxh6 Qd8 67. Bxg5 fxg5 68. f6 Rbb7 69. fxg7+ Rxg7 70. Rxd6 Qe7 1-0